LIBRARY & INFORMATION CENTRE, KCAET, TAVANUR

ONLINE PUBLIC ACCESS CATALOGUE (OPAC)

History of planet earth / (Record no. 9801)

MARC details
000 -LEADER
fixed length control field 00433cam a2200181ua 4500
041 ## - LANGUAGE CODE
Language code of text/sound track or separate title eng
082 ## - DEWEY DECIMAL CLASSIFICATION NUMBER
Classification number 550.9
Item number SAS/HI
100 ## - MAIN ENTRY--AUTHOR NAME
Personal name Sastri, M N .
245 ## - TITLE STATEMENT
Title History of planet earth /
250 ## - EDITION STATEMENT
Edition statement 1 /
260 ## - PUBLICATION, DISTRIBUTION, ETC. (IMPRINT)
Place of publication Mumbai :
Name of publisher Himalaya Publishers ,
Year of publication 1993.
300 ## - PHYSICAL DESCRIPTION
Number of Pages 205 ; .
942 ## - ADDED ENTRY ELEMENTS (KOHA)
Koha item type Books
Holdings
Withdrawn status Lost status Damaged status Home library Current library Date acquired Full call number Accession Number Koha item type
      KAUAET KAUAET 07/04/2012 550.9 SAS/HI 19760 Books
free website counter